| 000 | 00974nam a2200313 a 4500 | ||
|---|---|---|---|
| 001 | 22827 | ||
| 003 | SK-KTurca | ||
| 005 | 20260429085547.0 | ||
| 008 | 030224s2002 xo g 000 1 slo c | ||
| 020 | _a8055104050 (viaz.) | ||
| 035 | _aUKB000322120 | ||
| 040 |
_aBA001 _bslo _cBA001 _eAACR2 |
||
| 041 | 1 |
_aslo _heng |
|
| 044 |
_axo _cSK |
||
| 080 | _a820-311.4 | ||
| 100 | 1 | _aFrench, Nicci | |
| 240 | 1 | 0 |
_aKilling me softly. _lSlovensky |
| 245 | 1 | 0 |
_aZabi ma nežne _bthriller _cNicci Frenchová ; [z anglického originálu preložila Mária Huttová] |
| 260 |
_aBratislava _bIkar _c2002 |
||
| 300 | _a317, [1] s. | ||
| 500 | _aN. Frenchová pseud. aut. dvojice Nicci Gerrardová a Sean French | ||
| 500 | _aMedia klub | ||
| 650 | 0 | 7 |
_aliteratúra anglická _xromány spoločenské |
| 650 | 0 | 7 | _aromány spoločenské anglické |
| 653 | _a820-311.4 | ||
| 700 | 1 |
_aHuttová, Mária _4trl |
|
| 765 | 0 |
_tKilling me softly _aFrench, Nicci |
|
| 942 |
_2ddc _cKLDO _n0 |
||
| 999 |
_c22827 _d22827 |
||